Devinez ces 10 mots grâce à leur définition #11 (Mots en H) - Statistiques

Statistiques générales
  • Ce quiz a été pris 20 fois
  • Le résultat moyen est 5 sur 10
Statistiques - réponses
Définition Mot % Correct
Habiter l'esprit de quelqu'un en le tourmentant (v.) H{anter}
88%
Mouvement d'ondulation qui agite la mer sans faire déferler les vagues (n.f.) H{oule}
82%
Petite rondelle de pain, généralement azyme, que le prêtre consacre pendant la messe (n.f.) H{ostie}
76%
Enveloppe souple dont on recouvre certains objets pour les protéger, et qui épouse leur forme (n.f.) H{ousse}
65%
Qui bénéficie d'une chance favorable, que le sort favorise (adj.) H{eureux}
41%
Cri de dérision, de réprobation poussé par une réunion de personnes (n.f.) H{uée}
41%
Rapports entre les parties d'un tout, qui fait qu'elles concourent à un même effet d'ensemble (n.f.) H{armonie}
29%
Qui ressemble à un homme par la carrure, les manières, a une allure masculine (adj.péj.) H{ommasse}
24%
Qui a rapport aux ondes électromagnétiques (adj.) H{ertzien}
6%
Partie de la science qui a pour objet la découverte des faits (n.f.) H{euristique}
6%
Aucun quiz correspondant
Distribution des résultats
% des personnes avec chaque résultat
Percentile par nombre de réponses
Votre historique - résultats
Vous n’avez pas pris ce quiz